KLM airplane registrations - Statistics

General Stats
  • This quiz has been taken 13 times
  • The average score is 11 of 13
Answer Stats
registration airplane type % Correct
PH-AOD Airbus A330-200
91%
PH-AKF Airbus A330-300
91%
PH-BGM Boeing 737-700
91%
PH-BXV Boeing 737-800
91%
PH-BXO Boeing 737-900
91%
PH-BQF Boeing 777-200
91%
PH-BVC Boeing 777-300ER
91%
PH-BKH Boeing 787-10 Dreamliner
91%
PH-EZD Embraer E190
91%
PH-BHD Boeing 787-9 Dreamliner
82%
PH-EXX Embraer E175
82%
PH-HSD Boeing 737-800
73%
PH-NXA Embraer E195-E2
73%
No matching quizzes found
Score Distribution
Percent of People with Each Score
Percentile by Number Answered
Your Score History
You have not taken this quiz